| 000 | 00871nas a2200265 4500 | ||
|---|---|---|---|
| 001 | BR0602956 | ||
| 003 | BR-BrBNA | ||
| 005 | 20231205110112.0 | ||
| 007 | ta | ||
| 008 | 230509b bl.|||p| |||| 00| 00por d | ||
| 040 |
_aBR-BrBNA _bpor _cBiblioteca Nacional de Agricultura |
||
| 041 | _a(En) | ||
| 072 | _aL72 | ||
| 100 | 1 | _aSilva, R.J. | |
| 100 | 1 | _aRaso, T.F. | |
| 100 | 1 | _aFaria, P.J. | |
| 100 | 1 | _aCampos, F.P. | |
| 245 | 1 | _aOccurrence of Contracaecum pelagicum Johnston Mawson 1942 (Nematoda, Anisakidae)in Sula leucogaster Boddaert 1783 (Pelecaniformes, Sulidae) | |
| 650 | _aAVE SELVAGEM | ||
| 650 | _aNEMATÓIDE | ||
| 650 | _aHOSPEDEIRO | ||
| 773 | 0 |
_tArquivo Brasileiro de Medicina Veterinária e Zootecnia (Brazil) _xISSN 0102-0935 _g(Jun 2005), v. 57(4) p. 565-567 _wBR0602956 |
|
| 909 |
_a202311 _bLúcia _c55 _dLúcia Elande |
||
| 942 |
_2AGRIS _n0 _cANA |
||
| 999 |
_c186211 _d186211 |
||